Statistics for Video Game Protagonists - Multi-Plat

Click here to take the quiz!

General Stats

  • This quiz has been taken 7 times
  • The average score is 17 of 28

Answer Stats

GameProtagonist% Correct
Persona 5Joker
100%
Tomb RaiderLara Croft
100%
Mega-ManMega-Man
100%
Pac-ManPac-Man
100%
Street FighterRyu
100%
Metal Gear SolidSolid Snake
100%
Sonic the HedgehogSonic
100%
MinecraftSteve
100%
DoomDoomguy
83%
Resident Evil 3Jill Valentine
83%
Red Dead RedemptionJohn Marston
83%
CastlevaniaSimon/Richter Belmont
83%
Kingdom HeartsSora
83%
Resident Evil 4Leon S. Kennedy
67%
Castlevania Symphony of the NightAlucard
50%
The WitcherGeralt of Rivia
50%
Red Dead Redemption 2Arthur Morgan
33%
Metal Gear Solid 3Big Boss
33%
Dragon Quest VIIIEight
33%
BioshockJack
33%
Dragon Quest XILuminary
33%
Metal Gear Solid 2Raiden
33%
Persona 4Yu Narakami
33%
Bioshock InfiniteBooker Dewitt
17%
Chrono TriggerCrono
17%
Dragon Quest IVSolo/Sofia
17%
Mass EffectCommander Shephard
0%
Bioshock 2Subject Delta
0%

Score Distribution

Percentile by Number Answered

Percent of People with Each Score

Your Score History

You have not taken this quiz